| 000 | 01545cam a22003734a 4500 | ||
|---|---|---|---|
| 999 |
_c531573 _d531573 |
||
| 001 | 12838524 | ||
| 003 | NUST | ||
| 005 | 20191018154746.0 | ||
| 008 | 020701s2003 enkab b 001 0 eng | ||
| 010 | _a 2002026841 | ||
| 020 | _a0415274486 | ||
| 020 | _a0415274494 (pbk.) | ||
| 038 | _aMSOHAIL | ||
| 040 |
_aDLC _cDLC _dDLC |
||
| 042 | _apcc | ||
| 043 | _ae------ | ||
| 050 | 0 | 0 |
_aJS3000 _b.M46 2003 |
| 082 | 0 | 0 |
_a320.85094 _221 |
| 245 | 0 | 0 |
_aMetropolitan governance and spatial planning : _bcomparative case studies of European city-regions / _cedited by Willem Salet, Andy Thornley, and Anton Kreukels. |
| 260 |
_aLondon ; _aNew York : _bSpon Press, _c2003. |
||
| 300 |
_axiv, 406 p. : _bill., maps ; _c24 cm. |
||
| 504 | _aIncludes bibliographical references and index. | ||
| 650 | 0 |
_aMetropolitan government _zEurope _vCase studies. _924422 |
|
| 650 | 0 |
_aRegional planning _zEurope _vCase studies. _924423 |
|
| 700 | 1 |
_aSalet, W. G. M. _924424 |
|
| 700 | 1 |
_aThornley, Andy. _924425 |
|
| 700 | 1 |
_aKreukels, Anton. _924426 |
|
| 856 | 4 | 1 |
_3Table of contents only _uhttp://www.loc.gov/catdir/toc/fy0605/2002026841.html |
| 856 | 4 | 2 |
_3Publisher description _uhttp://www.loc.gov/catdir/enhancements/fy0650/2002026841-d.html |
| 856 | 4 | 2 |
_3Contributor biographical information _uhttp://www.loc.gov/catdir/enhancements/fy1113/2002026841-b.html |
| 906 |
_a7 _bcbc _corignew _d1 _eocip _f20 _gy-gencatlg |
||
| 942 |
_2ddc _cBK |
||